Responses for Show #7104 - Thursday, July 2, 2015

Contestants

[<< previous game]

Jon Lubin, an attorney originally from Stony Brook, New York

Elsa Angrist, a retired computer consultant from Arlington, Virginia

Alex Irvine, a writer originally from Ypsilanti, Michigan (whose 1-day cash winnings total $26,000)

[next game >>]

Jeopardy! Round responses

SOLE MEN
ALPHABETICALLY FIRST
ANIMALS, VEGETABLES, MINERALS
MULTI-BAND MUSICIANS
MIDDLE F
USS COD
(Sarah: Not as menacing a name as Shark or Barracuda, but she helped win the war in the Pacific.)
    $200 30
(Jon: What is Doc Marten?)
[Initially accepted as correct; reversed before Double Jeopardy!]

Doc Martens

Jon
Triple Stumper
    $200 6
blue

Jon
    $200 20
a camel

Alex
    $200 13
Paul McCartney

Jon
    $200 1
hefty

Alex
    $200 23
a penthouse

Elsa
    $400 29
Adidas

Jon
    $400 7
(Jon: What is Ford?)

Chrysler

AlexJon
    $400 21
graphite

Alex
    $400 19
Stephen Stills

Alex
    $400 2
aft

Elsa
    $400 24
a gyroscope

Alex
    $1,000 28
[Alex Trebek reads "HOF" as "Hall of Fame".]

Chuck Taylor

Alex
    $600 8
Blitzen

Jon
    $600 22
the deer

Elsa
    $600 18
Jack White

Jon
    $600 3
confine

Elsa
    $600 25
to scuttle

Alex
    $800 16
Phil Knight

Jon
    $800 9
Algeria

Elsa
    $800 14
parsnips

Elsa
    $800 12
Gorillaz

Alex
    $800 4
infer

Elsa
    $800 26
depth charges

Alex
    $1000 17
(Alex Trebek: Clarks Desert Boots.)

Nathan Clark

Triple Stumper
    $1000 10
(Alex Irvine: What is Doric?)

Corinthian

AlexJon
    $1000 15
(Alex Irvine: What is flint?)

(iron) pyrite

AlexJon
    $1000 11
Sugarland

Triple Stumper
    $1000 5
profane

Triple Stumper
    $1000 27
the South China Sea

Triple Stumper

Scores at the first commercial break (after clue 15):

Alex Elsa Jon
-$600 $3,400 $2,600

Scores at the end of the Jeopardy! Round:

Alex Elsa Jon
$3,200 $4,200 $4,200

Double Jeopardy! Round responses

THE MONARCHS OF ENGLAND
U.S. MARSHALS
STATE CAPITAL NICKNAMES
POP CULTURE MICE
LITERATURE OF THE EARLY 1800s
"SALT" & "PEPPER"
    $400 3
Victoria

Alex
    $400 17
George Washington

Jon
    $400 9
Tallahassee

Elsa
    $400 20
Minnie (Mouse)

Jon
    $400 1
an apple

Jon
    $400 26
the salt mines

Alex
    $800 5
Henry VIII

Elsa
    $800 18
the witness protection program

Alex
    $800 10
Hartford, Connecticut

Alex
    $800 22
Mighty Mouse

Alex
    $800 4
the Brothers Grimm

Jon
    $800 27
the salt of the earth

Elsa
    $1200 6
the Stuarts

Elsa
    $1200 21
Con Air

Alex
    $2,000 12
Annapolis

Jon
    $1200 23
(Alex Trebek: With a minute to go.)

ballerina

Alex
    $1200 11
Rob Roy

Jon
    $1200 2
Sgt. Pepper

Elsa
    $1600 7
(Alex Irvine: Who is Elizabeth I?)

Mary

Alex
Triple Stumper
    $1600 28
[The end-of-round signal sounds.]

the census

Alex
    $1600 13
(Jon: What is Nashville?)

Austin (Texas)

AlexJon
    $1600 24
Roared

Elsa
    $4,000 14
The Swiss Family Robinson

Alex
    $2000 8
George V

Elsa
    $2000 25
James Meredith

Alex
    $2000 16
(Alex Irvine: What is Cheyenne?)

Helena

Alex
Triple Stumper
    $2000 19
Danger Mouse

Alex
    $2000 15
Shelley

Elsa

Scores at the end of the Double Jeopardy! Round:

Alex Elsa Jon
$16,400 $14,200 $7,800

[wagering suggestions for these scores]

Final Jeopardy! Round responses

EUROPEAN ARTISTS
JonWho is Van Gogh?
$7,799
ElsaWho is Gauguin?
$10,000
AlexWho is Monet?
$12,001
Vincent van Gogh

Final scores:

Alex Elsa Jon
$4,399 $4,200 $15,599
2nd place: $2,000 3rd place: $1,000 New champion: $15,599

Game dynamics:

Coryat scores:

Alex Elsa Jon
$13,600 $14,200 $7,000
22 R
(including 2 DDs),
4 W
15 R,
0 W
14 R
(including 1 DD),
3 W

Combined Coryat: $34,800

[game clues] [game scores] [suggest correction]

Game tape date: Unknown
The J! Archive is created by fans, for fans. Scraping, republication, monetization, and malicious use prohibited; this site may use cookies and collect identifying information. See terms. The Jeopardy! game show and all elements thereof, including but not limited to copyright and trademark thereto, are the property of Jeopardy Productions, Inc. and are protected under law. This website is not affiliated with, sponsored by, or operated by Jeopardy Productions, Inc. Join the discussion at JBoard.tv.